| 000 | 00800nam a2200217Ii 4500 | ||
|---|---|---|---|
| 003 | JO-AjNU | ||
| 008 | 230605s9999||||xx |||||||||||||| ||und|| | ||
| 017 | _a2004/5/1266 | ||
| 040 |
_aJO-AjNU _bara _erda _cJO-AjNU |
||
| 041 | _aara | ||
| 050 | 1 | 4 | _aTK275. S62 2004 |
| 100 | 3 |
_aتاليف الصمادي، محمد جميل / م مشارك ماجد محمد الدويري , _eauthor _915342 |
|
| 245 | 0 | 0 | _aالقياسات الكهربائية والالكترونية=Electrical and Electronic Measurments |
| 250 | _aط1 | ||
| 264 | 3 | 1 | _aاربد: عالم الكتب الحديث ، 2004 |
| 300 | _a412ص | ||
| 336 |
_atext _btxt _2rdacontent |
||
| 337 |
_aunmediated _bn _2rdamedia |
||
| 338 |
_avolume _bnc _2rdacarrier |
||
| 650 | 4 |
_aالقياس الكهربائي -الكهرباء _915343 |
|
| 999 |
_aA4309 _c7877 _d7877 |
||